书目信息 |
| 题名: |
外国文学研究集刊
|
|
| 作者: | ;中国社会科学院外国文学研究所 编 | |
| 分册: | 第一辑 | |
| 出版信息: | 北京 中国社会科学出版社 1979 |
|
| 页数: | 393页 | |
| 开本: | 20cm | |
| 丛书名: | ||
| 单 册: | ||
| 中图分类: | I106-53 , I106 | |
| 科图分类: | ||
| 主题词: | 文学研究--外国--文集 | |
| 电子资源: | ||
| ISBN: | ||
| 000 | 00705nam0 2200229 450 | |
| 001 | 1560745956 | |
| 005 | 20150121103117.42 | |
| 010 | @dCNY1.20 | |
| 091 | @a10190.007 | |
| 100 | @a19950717d1979 em y0chiy0110 ea | |
| 101 | 0 | @achi |
| 102 | @aCN@b110000 | |
| 105 | @ay z 000zy | |
| 200 | 1 | @a外国文学研究集刊@9wai guo wen xue yan jiu ji kan@h第一辑@f中国社会科学院外国文学研究所编 |
| 210 | @a北京@c中国社会科学出版社@d1979 | |
| 215 | @a393页@d20cm | |
| 606 | 0 | @a文学研究@y外国@x文集 |
| 690 | @aI106-53@v5 | |
| 690 | @aI106@v4 | |
| 711 | 02 | @a中国社会科学院外国文学研究所@9zhong guo she hui ke xue yuan wai guo wen xue yan jiu suo@4编 |
| 801 | 0 | @aCN@bTSSF@c20150121 |
| 905 | @aZUCC@dI106@eJY21:1 | |
| 外国文学研究集刊.第一辑/中国社会科学院外国文学研究所编.-北京:中国社会科学出版社,1979 |
| 393页;20cm |
| ISBN :CNY1.20 |
| ● |
| 相关链接 |
|
|
|
|
正题名:外国文学研究集刊
索取号:I106/JY21:1
 
预约/预借
| 序号 | 登录号 | 条形码 | 馆藏地/架位号 | 状态 | 备注 |
| 1 | 7841961 | 278419613 | 学院路分馆/ [索取号:I106/JY21:1] | 在馆 | |
| 2 | 7841962 | 278419622 | 学院路分馆/ [索取号:I106/JY21:1] | 在馆 | |
| 3 | 7856101 | 278561012 | 学院路分馆/ [索取号:I106/JY21:1] | 在馆 |